| 000 | 00803cam a22002775a 4500 | ||
|---|---|---|---|
| 001 | 010042690 | ||
| 005 | 20180220151102.0 | ||
| 008 | 810622s1981 enka fr 001 0 eng d | ||
| 015 |
_aGB8119696 _2bnb |
||
| 020 | _a0330263218 (pbk) | ||
| 020 | _a9780330263214 | ||
| 039 | 0 | _a1641 | |
| 040 |
_aUk _beng _cUk _dEG-ScBUE |
||
| 082 | 0 | 4 |
_a658.1554 _bFEN _222 |
| 100 | 1 |
_aFenton, John, _d1938- |
|
| 245 | 1 | 0 |
_aHow to double your profits within the year : _ban action plan for your business / _cJohn Fenton. |
| 250 | _a1st. ed. | ||
| 260 |
_aLondon : _bPan books, _c1981. |
||
| 300 |
_a215 p. : _bill. ; _c18 cm. |
||
| 490 | 0 | _aPan business / management | |
| 500 | _aIncludes index. | ||
| 650 | 7 |
_aProfit. _2BUEsh _935066 |
|
| 651 | _2BUEsh | ||
| 653 |
_bBUSADM _bBUSECO _cFebruary2018 |
||
| 942 | _2ddc | ||
| 999 |
_c26159 _d26131 |
||